<?xml version="1.0" encoding="UTF-8"?><?xml-stylesheet type="text/xsl" href="static/style.xsl"?><OAI-PMH xmlns="http://www.openarchives.org/OAI/2.0/" xmlns:xsi="http://www.w3.org/2001/XMLSchema-instance" xsi:schemaLocation="http://www.openarchives.org/OAI/2.0/ http://www.openarchives.org/OAI/2.0/OAI-PMH.xsd"><responseDate>2026-06-02T19:26:03Z</responseDate><request verb="GetRecord" identifier="oai:riuma.uma.es:10630/26656" metadataPrefix="marc">https://riuma.uma.es/rest/oai/request</request><GetRecord><record><header><identifier>oai:riuma.uma.es:10630/26656</identifier><datestamp>2026-02-03T12:53:14Z</datestamp><setSpec>com_10630_25813</setSpec><setSpec>com_10630_3139</setSpec><setSpec>com_10630_10</setSpec><setSpec>col_10630_25819</setSpec></header><metadata><record xmlns="http://www.loc.gov/MARC21/slim" xmlns:dcterms="http://purl.org/dc/terms/" xmlns:doc="http://www.lyncode.com/xoai" xmlns:xsi="http://www.w3.org/2001/XMLSchema-instance" xsi:schemaLocation="http://www.loc.gov/MARC21/slim http://www.loc.gov/standards/marcxml/schema/MARC21slim.xsd">
   <leader>00925njm 22002777a 4500</leader>
   <datafield ind2=" " ind1=" " tag="042">
      <subfield code="a">dc</subfield>
   </datafield>
   <datafield ind2=" " ind1=" " tag="720">
      <subfield code="a">González Vidosa, Fely</subfield>
      <subfield code="e">author</subfield>
   </datafield>
   <datafield ind2=" " ind1=" " tag="260">
      <subfield code="c">1997-11-16</subfield>
   </datafield>
   <datafield ind2=" " ind1=" " tag="520">
      <subfield code="a">La preocupación por la suerte de las víctimas del delito está aumentando en todas partes del mundo. La sensación de que el mecanismo judicial es excesivamente formal, abstracto y lento está muy extendida, y muchos países buscan remedios para atender mejor a los que sufren directamente las consecuencias de la delincuencia. Se pretende establecer sistemas de ayuda a la víctima, dentro o fuera del aparato judicial.&#xd;
&#xd;
La Sociedad Internacional de Victimología organiza un simposium cada 3 años, un forum importante de contacto entre las diversas iniciativas en este campo. Allí se presentan resultados de la investigación científica sobre las víctimas del delito, junto con ideas y sugerencias prácticas para los que trabajan diariamente con tareas de asistencia. El lenguaje oficial en estos congresos ha sido, hasta ahora, el inglés, con traducción al francés y español en las sesiones plenarias. En este boletín publicamos el Informe General relativo a la asistencia a la víctima, presentado en la sesión de clausura por la pionera en este campo en España, Fely González, como un resumen de las principales noticias de este Congreso.</subfield>
   </datafield>
   <datafield ind1="8" ind2=" " tag="024">
      <subfield code="a">González Vidosa, F. (1997). Retos futuros para la ayuda a la víctima: Informe del 9º Simposium Internacional de Victimología. Boletín Criminológico, (3). https://doi.org/10.24310/Boletin-criminologico.1997.v3i.9052</subfield>
   </datafield>
   <datafield ind1="8" ind2=" " tag="024">
      <subfield code="a">https://hdl.handle.net/10630/26656</subfield>
   </datafield>
   <datafield ind1="8" ind2=" " tag="024">
      <subfield code="a">https://doi.org/10.24310/Boletin-criminologico.1997.v3i.9052</subfield>
   </datafield>
   <datafield tag="653" ind2=" " ind1=" ">
      <subfield code="a">Justicia restaurativa</subfield>
   </datafield>
   <datafield tag="653" ind2=" " ind1=" ">
      <subfield code="a">Víctimas de delitos - Protección, asistencia, etc.</subfield>
   </datafield>
   <datafield ind2="0" ind1="0" tag="245">
      <subfield code="a">Retos futuros para la ayuda a la víctima: Informe del 9º Simposium Internacional de Victimología.</subfield>
   </datafield>
</record>
</metadata></record></GetRecord></OAI-PMH>